| 000 | 00584nam a2200157 a 4500 | ||
|---|---|---|---|
| 008 | 120416s1971 ||||||||||||||||| || u | ||
| 020 | _a0297003518 | ||
| 050 | _aJC 491 Tow | ||
| 100 | _aGerassi, John | ||
| 245 | 1 | 0 |
_aTowards revolution _cselected, edited and introduced by John Gerassi |
| 260 |
_aLondon _bWeidenfeld & Nicolson _c1971 |
||
| 350 | _a0.00 | ||
| 650 | _aREVOLUTION | ||
| 650 | _aRENVOLUTION--POLITICAL ASPECTS | ||
| 995 |
_D0.00 _FCBU-MAIN LIBRARY (Kitwe) _H1 _I31.00 _M1 _UAVAILABLE _ZAnnex Low-Usage Collection |
||
| 999 |
_c60071 _d60071 |
||